000 00237nam a2200097Ia 4500
001 650433
005 20250826154359.0
008 250824s9999 xx 000 0 und d
245 0 _aGÜLÜCÜK
_cCAHİT ZARİFOĞLU
260 _bBEYAN YAYINLARI
999 _c650433
_d650433